Don Toliver- Top 50 most streamed songs - Statistics

General Stats
  • This quiz has been taken 20 times
  • The average score is 20 of 50
Answer Stats
Streams Answer % Correct
885M No Pole
94%
1.3B No Idea
88%
185M E85
82%
398M TORE UP
82%
849M After Party
76%
489M BANDIT
76%
502M Private Landing
76%
310M You
76%
86M ATM
71%
138M Body
71%
464M Cardigan
71%
1.5B Lemonade*
71%
96M Secondhand
71%
164M Tiramisu
65%
104M KRYPTONITE
59%
512M NEW DROP
59%
1.2B Too Many Nights*
59%
206M Embarrassed
53%
510M Around Me*
41%
138M Flocky Flocky
41%
287M Lose My Mind
41%
171M Drugs N Hella Melodies
35%
93M FWU
35%
282M Had Enough
35%
93M Way Bigger
35%
127M What You Need
35%
103M ATTITUDE
29%
158M BROTHER STONE
29%
119M Cannonball*
29%
92M Can't Feel My Legs
29%
81M CHAMPAIN & VACAY
24%
119M Euphoria
24%
89M LV Bag
24%
258M WHAT TO DO?
24%
229M FIELD TRIP*
18%
262M His & Hers*
18%
95M Home*
18%
104M No Regrets*
18%
265M Soweto*
18%
79M WORTH IT*
18%
126M Best You Had
12%
132M Don't Go*
12%
120M Fantasy*
12%
83M Givin' Up (Not the One)
12%
258M I Can't Save You (Interlude)*
12%
109M Link Up*
12%
319M Mystery Lady*
12%
78M Scrape it off*
12%
150M Honest*
6%
236M Used*
6%
No matching quizzes found
Score Distribution
Percent of People with Each Score
Percentile by Number Answered
Your Score History
You have not taken this quiz